000 00914nam a2200265 a 4500
999 _c128684
_d128684
001 699299
003 ARRUPE
005 20181130113556.0
008 960510s1995 enk b 001 0aeng
010 _a 96163548
020 _a0415136016
040 _aDLC
_cDLC
050 0 0 _aB1649.R94
_bA28 1995
082 0 0 _a192
_aB
_221
100 1 _aRussell, Bertrand,
_d1872-1970.
_911326
245 1 0 _aMy philosophical development /
_cBertrand Russell ; with an introduction by Thomas Baldwin.
250 _aRev ed.
260 _aLondon ;
_aNew York :
_bRoutledge,
_c1995.
300 _a207 p. ;
_c20 cm.
504 _aIncludes bibliographical references and index.
600 1 0 _aRussell, Bertrand,
_d1872-1970.
_911326
906 _a7
_bcbc
_corignew
_d2
_encip
_f19
_gy-gencatlg
942 _2lcc
_cMONOGRAPH